02081nab a22002657a 4500999001500000003000400015005001700019008004100036040000700077100003400084245017400118260007300292300001500365500004400380505087400424505011001298505008901408650003201497650003101529650003301560650003201593650003501625773014201660942001301802 c5344d5344OSt20250223234437.0190603e xxum|||| |||| 00| 0 spa d cPJ 96387aLeiva, Claudio Fabricio13aEl deber de seguridad en el contrato de transporte y las eximentes de responsabilidad : bel aporte de la perspectiva del derecho del consumo /cClaudio Fabricio Leiva. cCiudad Autónoma de Buenos Aires :aThomson Reuters La Ley, b2023. ap. 175-184 aCita Online: TR LALEY AR/DOC/2044/2023. a Sumario: I. Objetivos del presente comentario.— II. La plataforma fáctica y jurídica del caso.— III. Los argumentos de la sentencia de Cámara.— IV. El impacto del microsistema de protección del consumidor: un revitalizado diálogo de fuentes en la convergencia de las normas especiales, el Cód. Civ. y Com. y la Constitución Nacional.— V. Una delimitación de la noción de deber de seguridad y su aplicación en el ámbito del derecho del consumo.— VI. La obligación de seguridad en el contrato de transporte en el régimen del Cód. Civil ya derogado y en el esquema del Cód. Civ. y Com.— VII. A modo de cierre conclusivo: el deber de seguridad en las relaciones de consumo, el principio protectorio y la interpretación restrictiva de las eximentes reforzada a través del diálogo de fuentes de las normas aplicables al caso.  tFallo comentado: CNCiv., sala A ~ 05/05/2023 ~ Brea, Gustavo c. Metrovías SA s/ daños y perjuicios. t¿Te interesa el texto completo? Solicitalo al correo: koha@justierradelfuego.gov.ar 091467aRESPONSABILIDAD CIVIL 092823aDAÑOS Y PERJUICIOS 092597aDEFENSA DEL CONSUMIDOR 094277aACCIDENTE FERROVIARIO 091497aCODIGO CIVIL Y COMERCIAL0 0271393170dCiudad Autónoma de Buenos Aires : Thomson Reuters La Ley, 2015-tRevista Código Civil y Comercial. Nº 6 - Diciembre 2023 2udccANA